zpět

Detail výsledku týmu

AC klub, Hradec Králové

Datum a čas kvízu

28 Celkem bodů Celkový počet nahraných bodů na tomto kvízu bez doplňovacích otázek.
5. Pořadí na kvízu Konečné umístění týmu na tomto kvízu.

Zaznamenané odpovědi

# Otázka Odpověď Body Výsledky
1. Kardiochirurgické centrum Faku... spalničky 1
2. Parlament jisté evropské země... Spojené království Velké Británie a Severního Irska 1
3. Minulé pondělí se vrátilo do e... banán 1
4. Vedení jisté evropské metropol... Amsterdam 0
5. Slovenský výrobce minerální vo... Deutschland, Deutschland über alles (Německo, Německo nade vše) 1
6. Jelikož minulý týden uplynulo... Německo 1
7. V celkem kolika státech EU (vč... v sedmi státech 0.5
8. Který ze států EU je naší zemi... Rakousko 1
9. Které tři státy EU mají nejmen... Kypr, Lucembursko, Malta 0.5
10. V roce 1986 rozšířily Evropská... Španělsko a Portugalsko 1